|
|
|
|
| LEADER |
00000nam0a2200000 4500 |
| 001 |
368903 |
| 005 |
20241206111901.0 |
| 035 |
|
|
|a (RuTPU)RU\TPU\retro\26285
|
| 035 |
|
|
|a RU\TPU\retro\26283
|
| 090 |
|
|
|a 368903
|
| 100 |
|
|
|a 20220425d1976 k y0rusy50 ca
|
| 101 |
0 |
|
|a rus
|
| 102 |
|
|
|a RU
|
| 105 |
|
|
|a a z 001zy
|
| 200 |
1 |
|
|a Закономерности размещения и условия формирования залежей нефти и газа Предкавказья и Азербайджана
|h Т. 5
|i Азербайджанская ССР
|f А. А. Али-Заде, А. К. Алиев, С. Г. Надиров [и др.]
|g Академия наук СССР, Институт геологии и разработки горючих ископаемых ; Азербайджанский государственный научно-исследовательский и проектный институт нефти
|
| 210 |
|
|
|a Москва
|c Недра
|d 1976
|
| 215 |
|
|
|a 191 с.
|c ил.
|
| 320 |
|
|
|a Библиогр.: с. 178-190
|
| 606 |
1 |
|
|a Нефтегазовые месторождения
|x Геология
|2 stltpush
|3 (RuTPU)RU\TPU\subj\68603
|9 83810
|
| 610 |
1 |
|
|a размещение
|
| 610 |
1 |
|
|a формирование
|
| 610 |
1 |
|
|a нефтяные залежи
|
| 610 |
1 |
|
|a газовые залежи
|
| 610 |
1 |
|
|a Азербайджанская ССР
|
| 610 |
1 |
|
|a тектоника
|
| 610 |
1 |
|
|a пласты-коллекторы
|
| 610 |
1 |
|
|a гидрогеологические условия
|
| 610 |
1 |
|
|a геохимическая характеристика
|
| 610 |
1 |
|
|a химический состав
|
| 610 |
1 |
|
|a физические свойства
|
| 675 |
|
|
|a 553.98
|v 4
|
| 701 |
|
1 |
|a Али-Заде
|b А. А.
|
| 701 |
|
1 |
|a Алиев
|b А. К.
|
| 701 |
|
1 |
|a Надиров
|b С. Г.
|
| 701 |
|
1 |
|a Гулиев
|b Г. А.
|
| 701 |
|
1 |
|a Бабаев
|b Р. Я.
|
| 701 |
|
1 |
|a Сулейманов
|b А. М.
|
| 712 |
0 |
2 |
|a Академия наук СССР
|b Институт геологии и разработки горючих ископаемых
|c (Москва)
|c (1958-????)
|2 stltpush
|3 (RuTPU)RU\TPU\col\13483
|9 25687
|
| 712 |
0 |
2 |
|a Азербайджанский государственный научно-исследовательский и проектный институт нефти
|2 stltpush
|3 (RuTPU)RU\TPU\col\27952
|9 28973
|
| 801 |
|
1 |
|a RU
|b 63413507
|c 20200828
|
| 801 |
|
2 |
|a RU
|b 63413507
|c 20220425
|g RCR
|
| 942 |
|
|
|c BK
|